Представление документа в формате MARC21

Поле Инд. ПП Название Значение
Тип записи a
Библиографический уровень m
001 Контрольный номер c16e5aac-283d-48b2-af7f-6fcd6269bb36
005 Дата корректировки 20140703141210.5
008 Кодируемые данные 051109
020 a ISBN 5-238-00213-0
c Цена, тираж 40.00
040 a Служба первич. каталог. НБ ТвГУ
041 a Код языка текста rus
080 a Индекс УДК 65.012.12:303.4(075.8)
a Индекс УДК 338.24.01:303.4(075.8)
084 a Индекс другой классификации/Индекс ББК С84в6я73-1
a Индекс другой классификации/Индекс ББК У050.21в6я73-1
090 x Авторский знак И26
a Полочн. индекс С84в6
100 1_ a Автор Игнатьева Алина Всеволодовна
245 10 a Заглавие Исследование систем управления
b Продолж. заглавия учеб. пособие для студентов вузов, обучающихся по специальностям "Гос. и муницип. упр." и "менеджмент"
c Ответственность А. В. Игнатьева, М. М. Максимцов
260 0_ a Место издания Москва
b Издательство ЮНИТИ
c Дата издания 2003
300 a Объем 156, [1] с.
b Иллюстрации/ тип воспроизводства табл.
504 a Библиография Библиогр.: с. 155.
583 a Действие Получение впервые 319 01.11.2005
k Исполнитель действия ООО "Издательство ЮНИТИ-ДАНА"
650 a Основная рубрика Системы управления
x Основная подрубрика Методы исследования
x Основная подрубрика Учебники для вузов
650 a Основная рубрика Управление
653 a Ключевые слова Системы управления
a Ключевые слова Исследование систем управления
a Ключевые слова Управление
a Ключевые слова Системный анализ
a Ключевые слова Методы исследования
a Ключевые слова Управленческие решения
700 1_ a Другие авторы Максимцов Михаил Михайлович
e Роль лиц авт.
852 t Порядковый номер экземпляра 2
p Инвентарный номер 822637
p Инвентарный номер 822638
852 t Порядковый номер экземпляра 1
p Инвентарный номер 822639
863 t 00108419
863 t 00108420
863 t 00108421
888 a За счет средств университета
930 a Новая/Ретро учебники
952 p 319.2005 40.00 1 822637
p 319.2005 40.00 1 822638
p 319.2005 40.00 1 822639
c Вид литературы К РУ
954 a Дата поступления на обработку 20051128
999 a Подразделение 2 Фил1
a Подразделение 2 ч.з.